Storm warning / (Record no. 47408)
[ view plain ]
| 000 -LEADER | |
|---|---|
| fixed length control field | 00963cam a22002895a 4500 |
| 001 - CONTROL NUMBER | |
| control field | 16000607 |
| 003 - CONTROL NUMBER IDENTIFIER | |
| control field | OSt |
| 005 - DATE AND TIME OF LATEST TRANSACTION | |
| control field | 20140407131948.0 |
| 008 - FIXED-LENGTH DATA ELEMENTS--GENERAL INFORMATION | |
| fixed length control field | 091130s2010 nyu 000 0 eng |
| 010 ## - LIBRARY OF CONGRESS CONTROL NUMBER | |
| LC control number | 2009942351 |
| 020 ## - INTERNATIONAL STANDARD BOOK NUMBER | |
| International Standard Book Number | 9780545152952 |
| 040 ## - CATALOGING SOURCE | |
| Original cataloging agency | DLC |
| Transcribing agency | DLC |
| Modifying agency | DLC |
| 050 ## - LIBRARY OF CONGRESS CALL NUMBER | |
| Classification number | PZ 7 |
| Item number | .P235 2010 |
| 100 1# - MAIN ENTRY--PERSONAL NAME | |
| Personal name | Park, Linda Sue. |
| 9 (RLIN) | 29831 |
| 245 10 - TITLE STATEMENT | |
| Title | Storm warning / |
| Statement of responsibility, etc | Linda Sue Park. |
| 260 ## - PUBLICATION, DISTRIBUTION, ETC. (IMPRINT) | |
| Place of publication, distribution, etc | New York : |
| Name of publisher, distributor, etc | Scholastic Inc., |
| Date of publication, distribution, etc | 2010. |
| 300 ## - PHYSICAL DESCRIPTION | |
| Extent | 190 p. : |
| Dimensions | 20 cm. |
| 490 0# - SERIES STATEMENT | |
| Series statement | The 39 clues ; |
| Volume number/sequential designation | bk. 9 |
| 521 ## - TARGET AUDIENCE NOTE | |
| Target audience note | |
| 526 ## - STUDY PROGRAM INFORMATION NOTE | |
| Reading level | 630 |
| 562 ## - COPY AND VERSION IDENTIFICATION NOTE | |
| Number of copies | For Scholastic Reading Center. 1 copy available |
| 856 42 - ELECTRONIC LOCATION AND ACCESS | |
| Materials specified | Publisher description |
| Uniform Resource Identifier | <a href="http://www.loc.gov/catdir/enhancements/fy1009/2009942351-d.html">http://www.loc.gov/catdir/enhancements/fy1009/2009942351-d.html</a> |
| 906 ## - LOCAL DATA ELEMENT F, LDF (RLIN) | |
| a | 0 |
| b | ibc |
| c | orignew |
| d | 2 |
| e | epcn |
| f | 20 |
| g | y-gencatlg |
| 942 ## - ADDED ENTRY ELEMENTS (KOHA) | |
| Source of classification or shelving scheme | Library of Congress Classification |
| Koha item type | Books |
| Withdrawn status | Lost status | Source of classification or shelving scheme | Damaged status | Home library | Current library | Shelving location | Date acquired | Total Checkouts | Full call number | Barcode | Date last seen | Copy number | Price effective from | Koha item type |
|---|---|---|---|---|---|---|---|---|---|---|---|---|---|---|
| Library of Congress Classification | Munich Library | Munich Library | Scholastic Reading Center Section | 03/15/2014 | PZ 7 .P235 2010 | MS1232 | 03/15/2014 | 1 | 03/15/2014 | Books |